000 00390nam a22001577a 4500
005 20180703172753.0
008 160511b xxu||||| |||| 00| 0 eng d
020 _a978-0-07065614-7
041 _aeng
082 _b1268
_a658.15
100 _aKhan M.Y Jain P.K.
_9448
245 _aFinancial Management
260 _aNew Delhi
_bTata MC Graw Hill,
650 _aManagement
_9241
942 _cBK
999 _c536
_d536